|
|
|
|
| LEADER |
00994nam a2200337 4500 |
| 001 |
DLU090094697 |
| 005 |
##20091201 |
| 040 |
# |
# |
|a DLU
|b eng
|
| 041 |
# |
# |
|a eng
|
| 044 |
# |
# |
|a us
|
| 100 |
# |
# |
|a Scott-Fordsmand, Janeck J.
|
| 245 |
# |
# |
|a Do earthworms mobilize fixed zinc from ingested soil ? /
|c Janeck J. Scott-Fordsmand, Daryl Stevens, Mike McLaughlin.
|
| 653 |
# |
# |
|a Bioavailability
|
| 653 |
# |
# |
|a Biological accumulation
|
| 653 |
# |
# |
|a Earthworms
|
| 653 |
# |
# |
|a Ingestion
|
| 653 |
# |
# |
|a Soil
|
| 653 |
# |
# |
|a Vegetable crops
|
| 653 |
# |
# |
|a Zinc
|
| 700 |
# |
# |
|a McLaughlin, Mike.
|
| 700 |
# |
# |
|a Stevens, Daryl.
|
| 773 |
# |
# |
|t Environmental Science & Technology
|g Vol. 38, no. 11 (June 2004), p. 3036-3039
|
| 920 |
# |
# |
|a Phòng Tạp chí -- Trung tâm Thông tin - Thư viện Trường Đại học Đà Lạt
|
| 994 |
# |
# |
|a DLU
|
| 900 |
# |
# |
|a True
|
| 911 |
# |
# |
|a Trương Bảo Trâm Anh
|
| 925 |
# |
# |
|a G
|
| 926 |
# |
# |
|a A
|
| 927 |
# |
# |
|a BB
|
| 980 |
# |
# |
|a Thư viện Trường Đại học Đà Lạt
|